The new industrial state
Wedi'i Gadw mewn:
| Prif Awdur: | |
|---|---|
| Fformat: | Llyfr |
| Iaith: | Saesneg |
| Cyhoeddwyd: |
Londres
Andre Deutsch
1971
|
| Rhifyn: | 2a. ed |
| Pynciau: | |
| Tagiau: |
Ychwanegu Tag
Dim Tagiau, Byddwch y cyntaf i dagio'r cofnod hwn!
|
MARC
| LEADER | 00000nam a2200000 a 4500 | ||
|---|---|---|---|
| 001 | UCR7750 | ||
| 003 | CL-VaPUC | ||
| 008 | 980519e19710000UK |||||||||||||||||eng|d | ||
| 082 | 0 | 4 | |a 338.881 |b GAL |2 21 |
| 100 | |a Galbraith, John Kenneth |e author |9 591930 | ||
| 245 | 1 | 4 | |a The new industrial state |
| 250 | |a 2a. ed | ||
| 300 | |a 423 p | ||
| 942 | |c BK | ||
| 945 | |d 19980519 00:00:00 |a crobeson | ||
| 260 | |a Londres |b Andre Deutsch |c 1971 | ||
| 650 | 0 | |a Industrias |9 263688 | |
| 650 | 0 | |a Industrialización |9 263687 | |
| 650 | 0 | |a Desarrollo industrial |9 322675 | |
| 650 | 7 | |a SISTEMA PRODUCTIVO |2 CL-VaPUC |9 409170 | |
| 650 | 7 | |a POTENCIAL INDUSTRIAL |2 CL-VaPUC |9 359097 | |
| 583 | |a last modification |c 19980519 00:00:00 |k Rodrigo Vera | ||
| 999 | |c 269336 |d 269334 | ||